000 01160cam a2200361 a 4500
001 731493
005 20150716144504.0
008 890424s1989 ilu b s001 0 eng
010 _a 88014220
020 _a0252015894
020 _a0252060458 (pbk.)
035 _a(OCoLC)17841235
035 _a(OCoLC)ocm17841235
035 _a(CStRLIN)NYCG89-B30732
035 _a(NNC)731493
040 _dPU
_dRPB
_dNNC
050 0 _aPN98.S7
_bT37 1989
082 0 _a801/.95
_219
090 _aPN98.S7
_bT37 1989
100 1 _aBannet, Eve Tavor,
_d1947-
_918251
245 1 0 _aStructuralism and the logic of dissent :
_bBarthes, Derrida, Foucault, Lacan /
_cEve Tavor Bannet.
260 _aUrbana :
_bUniversity of Illinois Press,
_cc1989.
300 _axi, 299 p. ;
_c22 cm.
500 _aIncludes index.
504 _aBibliography: p. 280-286.
650 0 _aStructuralism (Literary analysis)
_918252
650 0 _aLiterature
_xPhilosophy.
_911422
650 0 _aSemiotics and literature.
_918253
650 0 _aMarxist criticism.
_913772
650 0 _aAlienation (Social psychology) in literature.
_918254
942 _2lcc
_cMONOGRAPH
999 _c122955
_d122955